Common errors in english/ (Record no. 168103)

MARC details
000 -LEADER
fixed length control field 00612nam a22001817a 4500
005 - DATE AND TIME OF LATEST TRANSACTION
control field 20190926141618.0
010 ## - LCCN (DPL NO)
LC control number B-218715
020 ## - INTERNATIONAL STANDARD BOOK NUMBER
International Standard Book Number 8189093916
Terms of availability 95.00
035 ## - SYSTEM CONTROL NUMBER
System control number B-218715
037 ## - SOURCE OF ACQUISITION
Source of stock number/acquisition Lotus Press
082 ## - DEWEY DECIMAL CLASSIFICATION NUMBER
Classification number 485
245 ## - TITLE STATEMENT
Title Common errors in english/
Statement of responsibility, etc M. Thomas
260 ## - PUBLICATION, DISTRIBUTION, ETC. (IMPRINT)
Place of publication, distribution, etc New Delhi
Name of publisher, distributor, etc Lotus Press
Date of publication, distribution, etc 2007
270 ## - ADDRESS
Address 4263/3, Ansari Road, Darya Ganj
City New Delhi
Postal code 110002
Telephone number 30903912, 23290047
Electronic mail address lotus_press@sify.com
300 ## - PHYSICAL DESCRIPTION
Extent 251p.
Other physical details Ill.
Dimensions 22cm.
942 ## - ADDED ENTRY ELEMENTS (KOHA)
Source of classification or shelving scheme Dewey Decimal Classification
Item type English Books
Classification part 485
Call number suffix THO
Holdings
Withdrawn status Lost status Not for loan Collection code Home library Current library Date acquired Cost, normal purchase price Full call number Barcode Cost, replacement price Koha item type
      Non-fiction R.C.Libraries (zls) Vinoba Puri 26/09/2019 95.00 485 THO B-218715 95.00 English Books

© Delhi Public Library
Hit Counter
free hit counter